<?xml version="1.0" encoding="UTF-8"?>
<collection xmlns="http://www.loc.gov/MARC21/slim">
  <record>
    <leader>00000nam  2200000   4500</leader>
    <controlfield tag="001">INLIS000000000014159</controlfield>
    <controlfield tag="008">###################################ind##</controlfield>
    <datafield tag="035" ind1="#" ind2="#">
      <subfield code="a">0010-0922000921</subfield>
    </datafield>
    <datafield tag="245" ind1="#" ind2="#">
      <subfield code="a">Pembangunan Jaringan Informasi Perbatasan Terpadu Guna Mempercepat Proses Komunikasi Dan Koordinasi Dalam Rangka Pengamanan Wilayah Perbatasan - Divisi Hubungan Internasional (Kepolisian Negara Republik Indonesia) /</subfield>
      <subfield code="c">Gaspar Mikel B.L.P. Da Costa</subfield>
    </datafield>
    <datafield tag="100" ind1="#" ind2="#">
      <subfield code="a">Costa, Gaspar Mikel B L P Da</subfield>
    </datafield>
    <datafield tag="260" ind1="#" ind2="#">
      <subfield code="a">Sumedang :</subfield>
      <subfield code="b">Puslatbang PKASN LAN,</subfield>
      <subfield code="c">2020</subfield>
    </datafield>
    <datafield tag="300" ind1="#" ind2="#">
      <subfield code="a">30 hal ;</subfield>
      <subfield code="c">21 cm</subfield>
    </datafield>
    <datafield tag="084" ind1="#" ind2="#">
      <subfield code="a">R P2/XIV/023 2020</subfield>
    </datafield>
    <datafield tag="520" ind1="#" ind2="#">
      <subfield code="a">Coach :Dayat Nurhayat SW</subfield>
    </datafield>
    <datafield tag="082" ind1="#" ind2="#">
      <subfield code="a">R P2/XIV/023 2020</subfield>
    </datafield>
    <datafield tag="990" ind1="#" ind2="#">
      <subfield code="a">PP2.2020.00083</subfield>
    </datafield>
  </record>
</collection>
